00427 a2200157 4500003000400000005001700004008004100021020001800062040000900080082001900089100002300108245004500131250001300176260007000189300001000259OSt20231215092524.0231214b |||||||| |||| 00| 0 eng d a9789390681037 coclc a894.812bRAJ/K aRajarajavarma, A R aKeralapanineeyam /cA.R. Raja Raja Varma a30th ed. aKottayam:bSahithya Pravarthaka Co-operative Society Ltd.,c2022. a364p.